Periodical literature on library automation / (Record no. 122890)
[ view plain ]
| 000 -LEADER | |
|---|---|
| fixed length control field | 00766nam a22002537a 4500 |
| 003 - CONTROL NUMBER IDENTIFIER | |
| control field | 0 |
| 005 - DATE AND TIME OF LATEST TRANSACTION | |
| control field | 20180804115429.0 |
| 008 - FIXED-LENGTH DATA ELEMENTS--GENERAL INFORMATION | |
| fixed length control field | 0 |
| 010 ## - LIBRARY OF CONGRESS CONTROL NUMBER | |
| LC control number | A-842292 |
| 020 ## - INTERNATIONAL STANDARD BOOK NUMBER | |
| International Standard Book Number | 8170245184 |
| Terms of availability | 00.00 |
| 035 ## - SYSTEM CONTROL NUMBER | |
| System control number | A-842292, A-842293 |
| 037 ## - SOURCE OF ACQUISITION | |
| Source of stock number/acquisition | Cen Lib/Ret |
| 040 ## - CATALOGING SOURCE | |
| Original cataloging agency | DPL |
| Language of cataloging | EN |
| Transcribing agency | 0 |
| 082 ## - DEWEY DECIMAL CLASSIFICATION NUMBER | |
| Classification number | 025.04 |
| Item number | CHH |
| 100 ## - MAIN ENTRY--PERSONAL NAME | |
| Personal name | Chhabra, Survinder Singh |
| 9 (RLIN) | 106689 |
| 245 ## - TITLE STATEMENT | |
| Title | Periodical literature on library automation / |
| Statement of responsibility, etc | by Survinder Singh Chhabra |
| 260 ## - PUBLICATION, DISTRIBUTION, ETC. (IMPRINT) | |
| Place of publication, distribution, etc | Punjab |
| Name of publisher, distributor, etc | Abhishek Publications |
| Date of publication, distribution, etc | 1994 |
| 270 ## - ADDRESS | |
| Address | SCO 57-58-59,Sector-17C |
| City | Chandigarh |
| Postal code | 160017 |
| 300 ## - PHYSICAL DESCRIPTION | |
| Extent | 143p. |
| Dimensions | 21cm(Hb) |
| 500 ## - GENERAL NOTE | |
| General note | Includes bibliographical reference |
| 650 ## - SUBJECT ADDED ENTRY--TOPICAL TERM | |
| Topical term or geographic name as entry element | Library Science |
| 9 (RLIN) | 106690 |
| 650 ## - SUBJECT ADDED ENTRY--TOPICAL TERM | |
| Topical term or geographic name as entry element | Library Automation |
| 9 (RLIN) | 106691 |
| 942 ## - ADDED ENTRY ELEMENTS (KOHA) | |
| Source of classification or shelving scheme | Dewey Decimal Classification |
| Koha item type | English Books |
| Classification part | 025.04 |
| Call number suffix | CHH |
| Withdrawn status | Lost status | Source of classification or shelving scheme | Damaged status | Not for loan | Collection code | Home library | Current library | Date acquired | Source of acquisition | Cost, normal purchase price | Total Checkouts | Full call number | Barcode | Date last seen | Copy number | Cost, replacement price | Price effective from | Koha item type |
|---|---|---|---|---|---|---|---|---|---|---|---|---|---|---|---|---|---|---|
| Dewey Decimal Classification | Not For Loan | Non-fiction | Central Library | Central Library | 30/05/2015 | Cen Lib/Ret | 0.00 | 103 CHH | A-842292 | 30/05/2015 | 1 | 0.00 | 30/05/2015 | English Books | ||||
| Dewey Decimal Classification | Non-fiction | Patel Nagar | Patel Nagar | 04/08/2018 | BPPD/PUB | 0.00 | 025.04 CHH | A-842293 | 04/08/2018 | 0.00 | 04/08/2018 | English Books |
